Balance social en entidades mutuales (Registro nro. 6921)

Detalles MARC
000 -LEADER
fixed length control field 00828 a2200241 4500
001 - CONTROL NUMBER
control field 60351
005 - DATE AND TIME OF LATEST TRANSACTION
control field 20260407155854.0
008 - FIXED-LENGTH DATA ELEMENTS--GENERAL INFORMATION
fixed length control field 260407a2005 arg spa d
003 - CONTROL NUMBER IDENTIFIER
control field AR-UNSa-BCEJYS
040 ## - CATALOGING SOURCE
Original cataloging agency AR-UNSa-BCEJYS
Language of cataloging spa
Transcribing agency AR-UNSa-BCEJYS
080 ## - UNIVERSAL DECIMAL CLASSIFICATION NUMBER
Universal Decimal Classification number 347.19
Common auxiliary subdivision Personas jurídicas, corporaciones (Mutuales)
020 ## - INTERNATIONAL STANDARD BOOK NUMBER
International Standard Book Number 978-950-34-0197-2
041 ## - LANGUAGE CODE
Language code of text/sound track or separate title spa
100 1# - MAIN ENTRY--PERSONAL NAME
Personal name Fernández Lorenzo, Liliana Edith
245 10 - TITLE STATEMENT
Title Balance social en entidades mutuales
Name of part/section of a work propuesta de un modelo
250 ## - EDITION STATEMENT
Edition statement 2a. ed.
264 #1 - PRODUCTION, PUBLICATION, DISTRIBUTION, MANUFACTURE, AND COPYRIGHT NOTICE
Place of production, publication, distribution, manufacture La Plata :
Name of producer, publisher, distributor, manufacturer (EDULP) Editorial de la Universidad Nacional de la Plata
Date of production, publication, distribution, manufacture, or copyright notice 2005
300 ## - PHYSICAL DESCRIPTION
Extent 112 p.
Dimensions 20 cm.
505 ## - FORMATTED CONTENTS NOTE
Formatted contents note 1. Conceptos generales - 2. Modelo de Balance Social para Entidades Mutuales -
590 ## - LOCAL NOTE (RLIN)
Local note niveau_biblio:m niveau_hierar:0
700 1# - ADDED ENTRY--PERSONAL NAME
Personal name Geba, Norma Beatriz
942 ## - ADDED ENTRY ELEMENTS (KOHA)
Koha item type
Existencias
Withdrawn status Lost status Damaged status Not for loan Home library Current library Shelving location Date acquired Total checkouts Full call number Barcode Date last seen Price effective from Koha item type Public note
        Biblioteca Prof. Eusebio Cleto del Rey Biblioteca Prof. Eusebio Cleto del Rey   07/04/2026   347.19 F362 2ed. L129100 07/04/2026 07/04/2026 Libro TAPA MANCHADA -